banner-ar

LE MONASTERE DE PHOEBAMMON DANS LA THEBAIDE, RAPPORTS DE FOUILLES, TOME III / (Record no. 20401)

MARC details
000 -الفاتح
حقل البيانات ثابتة الطول 00650nam a2200217Ia 4500
008 - عناصر البيانات ثابتة الطول - معلومات عامة
حقل البيانات ثابتة الطول 140319s9999 xx 000 0 eng d
040 ## - مصدر الفهرسة
وكالة الفهرسة الأصلية GCL /
وكالة النسخ GCL
082 04 - رقم تصنيف ديوى العشرى
رقم التصنيف CC
رقم المادة 291.657
-- B M
100 1# - المدخل الرئيسى - إسم شخصى
الإسم الشخصى BACHATLY, CHARLES
245 10 - بيان العنوان
العنوان LE MONASTERE DE PHOEBAMMON DANS LA THEBAIDE, RAPPORTS DE FOUILLES, TOME III /
بيان المسئوليه,etc BACHATLY, CHARLES
260 ## - PUBLICATION, DISTRIBUTION, ETC. (IMPRINT)
تاريخ النشر أو التوزيع 1961
300 ## - الوصف المادى
التعداد 71 P
650 04 - المدخل الاضافى بالموضوع-مصطلح موضوعى
مصطلح موضوعي EGYPT - FLORA
650 04 - المدخل الاضافى بالموضوع-مصطلح موضوعى
مصطلح موضوعي THEBES
650 04 - المدخل الاضافى بالموضوع-مصطلح موضوعى
مصطلح موضوعي BOTANY - ANCIENT EGYPT
650 04 - المدخل الاضافى بالموضوع-مصطلح موضوعى
مصطلح موضوعي EGYPT - PLANT, HISTORY
650 04 - المدخل الاضافى بالموضوع-مصطلح موضوعى
مصطلح موضوعي ZOOLOGY - HISTORY
650 04 - المدخل الاضافى بالموضوع-مصطلح موضوعى
مصطلح موضوعي MONASTERY OF PHOEBAMMON
942 ## - عناصر المدخل الإضافي( كوها)
مصدر التصنيف او مخطط الترفيف Dewey Decimal Classification
Koha [default] item type كتاب
260 ## - PUBLICATION, DISTRIBUTION, ETC. (IMPRINT)
-- [S.N] :
-- LA SOCIETE D'ARCHEOLOGIE COPTE ،
Holdings
حالة التراجع حالة الفقد حالة تلف ليس للاعارة المكان المؤقت الموقع الحالى تاريخ الاكتساب اجمالي اﻻعارات رقم الطلب الباركود تاريخ اخر مشاهدة تاريخ تفعيل السعر نوع وعاء كوها
        مكتبة القاهرة الكبرى مكتبة القاهرة الكبرى 03/26/2014   CC\291.657\B M 38278 03/26/2014 03/26/2014 كتاب
        مكتبة القاهرة الكبرى مكتبة القاهرة الكبرى 03/26/2014   CC\291.657\B M 38279 03/26/2014 03/26/2014 كتاب

Powered By

EGPV